| 000 | 004280000a22001690004500 | ||
|---|---|---|---|
| 005 | 20120302055510.0 | ||
| 942 | _cBOOK | ||
| 100 | _a Paradkar,Mo.Dee. | ||
| 245 | _a Bhaarataatila Praachin Vidyaapeethe | ||
| 260 | _aPune:Bhaaratiya Vichaarsaadhanaa,1989. | ||
| 300 | _a64p. | ||
| 040 | _aMAR | ||
| 365 | _b10/- | ||
| 650 | _aShikshan | ||
| 650 | _aShikshansansthaa-Vidyaapeethe | ||
| 650 | _aPraachin Vidyaapeethe-Bhaarat | ||
| 999 |
_c348569 _d348566 |
||